Sports in the Wii Sports Series - Statistics

General Stats
  • This quiz has been taken 12 times
  • The average score is 11 of 18
Answer Stats
Game Sport % Correct
Resort, Switch Basketball
100%
Original, Resort, Club, Switch Golf
91%
Original, Club, Switch Tennis
91%
Original, Club Baseball
82%
Original, Resort, Club, Switch Bowling
82%
Original, Club Boxing
82%
Resort Air Sports
73%
Resort Frisbee
73%
Switch Soccer
73%
Resort Archery
64%
Resort, Switch Swordplay / Chambara
64%
Resort Table Tennis
64%
Switch Volleyball
45%
Resort Wakeboarding
45%
Switch Badminton
36%
Resort Cycling
36%
Resort Canoeing
27%
Resort Power Crusing
18%
No matching quizzes found
Score Distribution
Percent of People with Each Score
Percentile by Number Answered
Your Score History
You have not taken this quiz